000
00315nam a2200109Ia 4500
008
160531s9999 xx 000 0 und d
100
_a
Santoro, Bianca.
245
_a
Introduction to Evolution Equations in Geometry
245
_c
by Bianca Santoro
260
_c
2012
856
_u
http://arxiv.org/pdf/1205.1039v1.pdf
999
_c
295124
_d
295124